<?xml version="1.0" encoding="UTF-8"?><marc:collection xmlns:marc="http://www.loc.gov/MARC21/slim">
  <marc:record>
    <marc:leader>00000nam##2200000za#4500</marc:leader>
    <marc:controlfield tag="001">9.623815</marc:controlfield>
    <marc:controlfield tag="003">CaOODSP</marc:controlfield>
    <marc:controlfield tag="005">20200327175239</marc:controlfield>
    <marc:controlfield tag="007">ta</marc:controlfield>
    <marc:controlfield tag="008">150406|1996||||xxc|||||     f|0| 0 fre|d</marc:controlfield>
    <marc:datafield tag="020" ind1=" " ind2=" ">
      <marc:subfield code="a">0-662-81033-3</marc:subfield>
    </marc:datafield>
    <marc:datafield tag="022" ind1=" " ind2=" ">
      <marc:subfield code="a">1188-7990</marc:subfield>
    </marc:datafield>
    <marc:datafield tag="040" ind1=" " ind2=" ">
      <marc:subfield code="a">CaOODSP</marc:subfield>
      <marc:subfield code="b">fre</marc:subfield>
    </marc:datafield>
    <marc:datafield tag="043" ind1=" " ind2=" ">
      <marc:subfield code="a">n-cn---</marc:subfield>
    </marc:datafield>
    <marc:datafield tag="086" ind1="1" ind2=" ">
      <marc:subfield code="a">En1-17/23-1996F</marc:subfield>
    </marc:datafield>
    <marc:datafield tag="110" ind1="1" ind2=" ">
      <marc:subfield code="a">Canada. </marc:subfield>
      <marc:subfield code="b">Environnement Canada. </marc:subfield>
      <marc:subfield code="b">Service de la protection de l'environnement.</marc:subfield>
    </marc:datafield>
    <marc:datafield tag="245" ind1="1" ind2="0">
      <marc:subfield code="a">Sédiments contaminés: projet de démonstration d'une filière de traitement physico-chimique des sédiments contaminés au Port de Sorel / </marc:subfield>
      <marc:subfield code="c">par Jean-René Michaud et Andrée Poulin. </marc:subfield>
    </marc:datafield>
    <marc:datafield tag="260" ind1=" " ind2=" ">
      <marc:subfield code="a">Montréal - Québec : </marc:subfield>
      <marc:subfield code="b">Environnement Canada. </marc:subfield>
      <marc:subfield code="c">1996.</marc:subfield>
    </marc:datafield>
    <marc:datafield tag="300" ind1=" " ind2=" ">
      <marc:subfield code="a">4p. : </marc:subfield>
      <marc:subfield code="b">figures en couleur, tableaux ; </marc:subfield>
      <marc:subfield code="c">28 cm.</marc:subfield>
    </marc:datafield>
    <marc:datafield tag="490" ind1="1" ind2=" ">
      <marc:subfield code="a">Technologies Saint-Laurent</marc:subfield>
      <marc:subfield code="x">1188-7990</marc:subfield>
    </marc:datafield>
    <marc:datafield tag="500" ind1=" " ind2=" ">
      <marc:subfield code="a">«Le projet consistait à démontrer la faisabilité techno-économique d'une nouvelle filière de traitement physico-chimique de sédiments contaminés par des métaux lourds. Il s'agissait aussi de décontaminer les sédiments de façon à les rendre acceptables pour le dépôt dans un site terrestre autorisé.»--Page 1.</marc:subfield>
    </marc:datafield>
    <marc:datafield tag="520" ind1="3" ind2=" ">
      <marc:subfield code="a">Le projet consistait à démontrer la faisabilité techno-économique d'une nouvelle filière de traitement physico-chimique de sédiments contaminés par des métaux lourds. Il s'agissait aussi de décontaminer les sédiments de façon à les rendre acceptables pour le dépôt dans un site terrestre autorisé.--Page 1</marc:subfield>
    </marc:datafield>
    <marc:datafield tag="563" ind1=" " ind2=" ">
      <marc:subfield code="a">Dépliant</marc:subfield>
    </marc:datafield>
    <marc:datafield tag="590" ind1=" " ind2=" ">
      <marc:subfield code="a">96-28</marc:subfield>
      <marc:subfield code="b">1996-07-12</marc:subfield>
    </marc:datafield>
    <marc:datafield tag="720" ind1="1" ind2=" ">
      <marc:subfield code="a">Michaud, Jean-René</marc:subfield>
    </marc:datafield>
    <marc:datafield tag="720" ind1="1" ind2=" ">
      <marc:subfield code="a">Poulin, Andrée</marc:subfield>
    </marc:datafield>
    <marc:datafield tag="775" ind1="0" ind2="8">
      <marc:subfield code="t">Contaminated sediment: demonstration project of a physico-chemical treatment process for contaminated sediment at the Port of Sorel / </marc:subfield>
      <marc:subfield code="w">(CaOODSP)9.612937</marc:subfield>
    </marc:datafield>
    <marc:datafield tag="776" ind1="0" ind2="#">
      <marc:subfield code="t">Sédiments contaminés. Projet de démonstration d'une filière de traitement physico-chimique des sédiments contaminés au Port de Sorel </marc:subfield>
      <marc:subfield code="w">(CaOODSP)9.601869</marc:subfield>
    </marc:datafield>
    <marc:datafield tag="830" ind1="#" ind2="0">
      <marc:subfield code="a">Technologies Saint-Laurent,</marc:subfield>
      <marc:subfield code="x">1188-7990</marc:subfield>
      <marc:subfield code="w">(CaOODSP)9.512939</marc:subfield>
    </marc:datafield>
  </marc:record>
</marc:collection>
